| 000 | 009900000a22002050004500 | ||
|---|---|---|---|
| 001 | 768714001 | ||
| 003 | CO-MdFUSB | ||
| 005 | 20161124163804.0 | ||
| 008 | 161124s1998 sp ||||| |||| 00| 0 spa d | ||
| 022 | _a0014-1437 | ||
| 040 |
_aCO-MdFUSB _bspa _cCO-MdFUSB _dCO-MdFUSB |
||
| 041 | _aspa | ||
| 100 | 1 |
_aLópez Pego, Álvaro _eautor |
|
| 245 | 1 | 0 | _aSobre el origen de los teónomos Yah y Yahweh |
| 300 |
_aVolumen 56. Número 1 (1998), Páginas 5-39 _c23 cm. |
||
| 520 | _aEl teónimo Yah, más antiguo que Yahweh, fue en su origen un grito cultural de grito pasó a ser un sustantivo que indicaba un tipo de invocación o fiesta. Finalmente se convirtió en nombre de divinidad. Así lo prueban los gritos de religiosos de diversas culturas y el análisis del uso de Yah en la Biblia. Yahweh parece ser una extensión del grito Yah. | ||
| 546 | _aTexto en Español | ||
| 773 | 0 |
_tEstudios Bíblicos _049452 _960474 _gVolumen 56. Número 1 (1998), Páginas 5-39 _qPágina 5 |
|
| 942 | _cANA | ||
| 999 |
_c50221 _d50221 |
||